عرض عادي
عرض مارك
- Human physiology
مدخل مصطلح موضوعي
001 - رقم الضبط
- حقل الضبط: 88722
003 - معرف رقم الضبط
- حقل الضبط: OSt
005 - تاريخ ووقت أخر عملية
- حقل الضبط: 20210306175111.0
008 - عناصر بيانات ثابتة الطول
- حقل تحكم ثابت الطول: 210306|| aca||aabn | a|a d
040 ## - مصدر الفهرسة
- هيئة الفهرسة الأصلية: OSt
- وكالة الكتابة: OSt
150 ## - مدخل-- مصطلح تاريخي
- عنصر مدخل المصطلح الموضوعي او الاسم الجغرافي: Human physiology
670 ## - بيانات المصدر موجوده
- الاستشهاد بالمصدر: Work cat.: (OSt)0: Tortora, Gerard J., author 38025, Tortora's principles of anatomy & physiology /
